header

Wild forests conservation biology and public policy (Record no. 159816)

MARC details
000 -LEADER
fixed length control field 01678nam a2200397 a 4500
082 04 - DEWEY DECIMAL CLASSIFICATION NUMBER
Classification number 333.75/16/0973
100 1# - MAIN ENTRY--AUTHOR NAME
Personal name Alverson, William Surprison.
245 10 - TITLE STATEMENT
Title Wild forests conservation biology and public policy
260 ## - PUBLICATION, DISTRIBUTION, ETC. (IMPRINT)
Place of publication Washington, D.C. :
Name of publisher Island Press,
Year of publication c1994.
300 ## - PHYSICAL DESCRIPTION
Number of Pages xxiii, 300 p. :
Other physical details ill.
650 #0 - SUBJECT ADDED ENTRY--TOPICAL TERM
Topical Term Forest conservation
Topical Term Forest ecology
Topical Term Forest management
Topical Term Biodiversity conservation
Topical Term Forest policy
Topical Term Forest reserves
700 1# - ADDED ENTRY--PERSONAL NAME
Personal name Kuhlmann, Walter.
Personal name Waller, Donald M.
856 40 - ELECTRONIC LOCATION AND ACCESS
Uniform Resource Identifier http://site.ebrary.com/lib/rucke/Doc?id=10064662

No items available.

© 2026 Rongo University
Contact us: librarian | system librarian | Rongo university